| 000 | 00903cam a22003017a 4500 | ||
|---|---|---|---|
| 001 | 15792317 | ||
| 003 | OSt | ||
| 005 | 20140310182932.0 | ||
| 008 | 090626s2009 ph a 000 0 tgl | ||
| 010 | _a 2009316658 | ||
| 020 | _a9789715848411 | ||
| 040 |
_aDLC _cDLC _dDLC |
||
| 042 | _alcode | ||
| 050 | 0 | 0 |
_aPL 5531 _b.Al444 2008 |
| 082 |
_aFIL 398.21599 _bAl6 2009 |
||
| 100 | 1 | _aAlma, Rio. | |
| 245 | 1 | 0 |
_aHuling hudhud ng sanlibong pagbabalik at paglimot para sa Filipinas kong mahal / _cRio Alma. |
| 260 |
_aQuezon City: _bCe & E Pub., _cc2009. |
||
| 300 |
_a181 p. : _bcol. ill. ; _c22 cm. |
||
| 650 | _aPhilippine literature. | ||
| 650 |
_aFolk literature _xPhilippines. |
||
| 650 |
_aEpic _xLiterature _xPhilippines. |
||
| 906 |
_a7 _bcbc _corigode _d4 _encip _f20 _gy-gencatlg |
||
| 942 |
_2lcc _cBK _kLOC |
||
| 999 |
_c17557 _d17557 |
||